Objavovanie znalostí v slovenskom Webe

Enregistré dans:
Détails bibliographiques
Auteur principal: Ďaďo, Jakub (Auteur)
Autres auteurs: Holub, Michal (Directeur de thèse)
Format: Manuscrit Livre
Langue:slovaque
Publié: 2017
Sujets:
Accès en ligne:http://is.stuba.sk/zp/portal_zp.pl?podrobnosti=126903
Tags: Ajouter un tag
Pas de tags, Soyez le premier à ajouter un tag!

MARC

LEADER 00000ntm a22000003a 4500
001 stuzp64583
003 SK-STU
005 20170624213617.3
007 ta
008 150427s2015----xo-----f-mn---000-0-slo-d
040 |a STU  |b slo 
041 0 |a slo 
100 1 |a Ďaďo, Jakub  |u 070200  |4 aut  |U FIIT Fakulta informatiky a informačných technológií  |T FIIT Ústav informatiky, informačných systémov a softvérového inžinierstva  |X 49456  |U I200  |Y 179  |7 49456 
242 0 1 |a Knowledge harvesting from Slovak Web  |y eng 
245 1 0 |a Objavovanie znalostí v slovenskom Webe 
260 |c 2017 
650 4 |a obohacovanie databazy znalosti  |2 slo 
650 4 |a prepojene data  |2 slo 
650 4 |a klasifikacia  |2 slo 
650 4 |a extrakcia trojic  |2 slo 
650 4 |a objavovanie znalosti  |2 slo 
650 4 |a knowledge harvesting  |2 eng 
650 4 |a classification  |2 eng 
650 4 |a knowledge base  |2 eng 
650 4 |a RDF triplets  |2 eng 
700 1 |a Holub, Michal  |4 ths  |X 17475  |7 17475 
856 4 |u http://is.stuba.sk/zp/portal_zp.pl?podrobnosti=126903 
996 |b 11100  |c I* DP11/17  |l II680  |s P  |a 0  |w stuzp64583_0001